| 000 | 01133nam a22003257a 4500 | ||
|---|---|---|---|
| 001 | BR9403305 | ||
| 003 | BR-BrBNA | ||
| 005 | 20230928094230.0 | ||
| 007 | ta | ||
| 008 | 230509b bl.||||| |||| 00| 0 por d | ||
| 040 |
_aBR-BrBNA _bpor _cBiblioteca Nacional de Agricultura |
||
| 041 | _a(Eng, Spa, Por) | ||
| 072 |
_aF01; E16; E70 _b1300 _b1800 _b2700 |
||
| 090 | _ 1300 BR9403305 | ||
| 110 | 1 |
_aEmpresa Brasileira de Pesquisa Agropecuaria, Brasilia, DF (Brasil). Depto. de Difusao de Tecnologia _93839 |
|
| 111 | 1 |
_a24. Congresso Brasileiro de Olericultura1. Reuniao Latino-Americana de Olericultura _cJaboticabal, SP (Brazil) _d16-21 Jul 1984 |
|
| 245 | 1 | _aAnais do 24. Congresso Brasileiro de Olericultura e 1. Reuniao Latino-Americana de Olericultura | |
| 260 | 3 |
_aBrasilia, DF (Brasil): _c1984. |
|
| 300 | _a323 p. | ||
| 650 | _aHorticultura | ||
| 650 | _aOlericultura | ||
| 650 | _aPlanta Medicinal | ||
| 650 | _aFisiologia Vegetal | ||
| 650 | _aPratica Cultural | ||
| 650 | _aAptidao Agricola | ||
| 650 | _aProdutividade | ||
| 650 | _aComercializacao | ||
| 909 |
_a202309 _bLucia _c55 _dLucia Elande |
||
| 942 | _cBK | ||
| 999 |
_c49559 _d49559 |
||